0時台に最終列車がある駅サドンデス - Statistics

General Stats
  • This quiz has been taken 335 times
  • The average score is 3 of 50
Answers on the Grid
Answers color-coded by a green-red scale on the quiz's grid according to % correct below.
さっぽろ(地下鉄)
サッポロビール庭園
千歳
小樽築港
新青森
花巻
あおば通
岩沼
泉外旭川
北山形
南福島
勝田
土浦
新取手
おもちゃのまち
小金井
高崎問屋町
寄居
鉄道博物館
高麗川
千葉公園
成田
成東
東京テレポート
木更津
尾久
青梅
浜川崎
羽沢横浜国大
江ノ島
東新潟
新津
魚津
高岡
小松
鯖江
山梨市
塩尻
名鉄岐阜
多治見
熱海
新静岡
伊奈
岡崎
ナゴヤドーム前矢田
四日市
津新町
堅田
近江八幡
大津京
梅小路京都西
南吹田
JR難波
関西空港
新三田
山陽姫路
大和西大寺
新王寺
和歌山市
海南
鳥取大学前
米子
東岡山
茶屋町
倉敷
新倉敷
三原
呉ポートピア
西広島
可部
南岩国
新山口
新下関
高松(香川)
丸亀
阿波中島
新居浜
今治
高知商業前
小倉(福岡)
行橋
中間
福間
長者原
南福岡
久留米
鳥栖
唐津
江北(佐賀)
早岐
喜々津
上熊本
宇佐
別府(大分)
西大分
南延岡
南宮崎
隼人
鹿児島中央
首里
 
Answer Stats
Answer % Correct
さっぽろ(地下鉄)
46%
土浦
16%
JR難波
16%
小金井
13%
あおば通
12%
東京テレポート
12%
大和西大寺
11%
尾久
10%
羽沢横浜国大
9%
熱海
9%
小樽築港
8%
木更津
8%
岡崎
8%
近江八幡
8%
岩沼
7%
山陽姫路
6%
高崎問屋町
5%
ナゴヤドーム前矢田
5%
鉄道博物館
4%
堅田
4%
新三田
4%
小倉(福岡)
4%
泉外旭川
3%
山梨市
3%
南福岡
3%
千葉公園
2%
四日市
2%
和歌山市
2%
鳥栖
2%
新取手
1%
寄居
1%
新津
1%
魚津
1%
多治見
1%
津新町
1%
茶屋町
1%
新倉敷
1%
西広島
1%
可部
1%
丸亀
1%
福間
1%
唐津
1%
早岐
1%
別府(大分)
1%
隼人
1%
呉ポートピア
0%
中間
0%
長者原
0%
上熊本
0%
南延岡
0%
No matching quizzes found
Score Distribution
Percent of People with Each Score
Percentile by Number Answered
Your Score History
You have not taken this quiz